书目信息 |
| 题名: |
秋瑾集
|
|
| 作者: | 秋瑾 著 ;上海古籍出版社 编 | |
| 分册: | ||
| 出版信息: | 上海 上海古籍出版社 1991.9 |
|
| 页数: | 194页 | |
| 开本: | 20cm | |
| 丛书名: | ||
| 单 册: | ||
| 中图分类: | I215.2 , I211 | |
| 科图分类: | 44.27 | |
| 主题词: | ||
| 电子资源: | ||
| ISBN: | 7-5325-1103-0 | |
| 000 | 00721nam0 2200253 45 | |
| 001 | 1571014395 | |
| 005 | 20150119194421.39 | |
| 010 | @a7-5325-1103-0@dCNY0.80 | |
| 100 | @a19920115d1991 em y0chiy0121 ea | |
| 101 | 0 | @achi |
| 102 | @aCN@b310000 | |
| 105 | @ay z 000zy | |
| 200 | 10 | @a秋瑾集@AQIU JIN JI@f(清)秋 瑾著@F( QING ) QIU JIN ZHU@g上海古籍出版社编 |
| 210 | @a上海@c上海古籍出版社@d1991.9 | |
| 215 | @a194页@c照片@d20cm | |
| 540 | 1 | @a秋瑾集@AQIU JIN JI |
| 600 | 0 | @a秋瑾@x文集 |
| 690 | @aI215.2@v三版 | |
| 690 | @aI211@v4 | |
| 692 | @a44.27 | |
| 701 | 0 | @a秋瑾@AQIU JIN@4著 |
| 712 | 02 | @a上海古籍出版社@ASHANG HAI GU JI CHU BAN SHE@4编 |
| 801 | 0 | @aCN@bTSSF@c20150119 |
| 905 | @aZUCC@dI211@eJY220 | |
| 秋瑾集/(清)秋 瑾著/上海古籍出版社编.-上海:上海古籍出版社,1991.9 |
| 194页:照片;20cm |
| ISBN 7-5325-1103-0:CNY0.80 |
| ● |
| 相关链接 |
|
|
|
|
正题名:秋瑾集
索取号:I211/JY220
 
预约/预借
| 序号 | 登录号 | 条形码 | 馆藏地/架位号 | 状态 | 备注 |
| 1 | 7835856 | 278358563 | 学院路分馆/ [索取号:I211/JY220] | 在馆 |